| 000 | 00739nam a2200229 a 4500 | ||
|---|---|---|---|
| 008 | 071108s2007||||xo g 000 f slo d | ||
| 020 |
_a9788055115818 _q(viaz.) _c349 |
||
| 040 |
_aVTHK _bslo _cVTHK _dSNK _eAACR2 |
||
| 041 | 1 |
_aslo _heng |
|
| 044 |
_axo _cSK _cSK |
||
| 072 | 7 |
_a821.111-3 _xAnglická próza, anglicky písaná _2konspekt |
|
| 080 |
_a821.111(540)-31 _22001 |
||
| 080 |
_a(0:82-31) _22001 |
||
| 100 | 1 | _aSwarup, Vikas | |
| 240 | 1 | 0 |
_aQ & A _lSlovensky |
| 245 | 1 | 0 |
_aMiliardár _cVikas Swarup ; [z anglického originálu preložila Marína Gálisová] |
| 250 | _a[1. vyd.] | ||
| 260 |
_aBratislava _bIkar _c2007 |
||
| 300 |
_a285 s. _c21 cm |
||
| 700 | 1 |
_aGálisová, Marína _4trl |
|
| 765 | 0 |
_tQ & A. Slovensky _aSwarup, Vikas |
|
| 999 |
_c12165 _d12165 |
||